00567nam a2200133Ia 4500008004100000040001800041041000800059100002700067245016700094260004000261300001600301651006100317651005500378130821s1980 ck gr spa  aCo-BoUCMbspa00aspa1 aDangond Uribe, Alberto10aPor qué perdimos a Panamá estudio leído al tomar posesión como miembro de la Academia Colombiana de Historia Alberto Dangond UribecAlberto Dangond Uribe aBogotá (Colombia)bEl Sigloc1980 a[1 volumen] 7aColombiaxHistoriaySeparación de Panamá, 1903y1903 7aPanamáxHistoriaySeparación de Colombiay1903